טוען...

Founding of the Jesuits /

מידע ביבליוגרפי
מחבר ראשי: Foss, Michael
פורמט: Printed Book
שפה:English
יצא לאור: London : Hamish Hamilton, 1969.
סדרה:Turning point in history
LEADER 00463nam a2200133Ia 4500
008 150624b xxu||||| |||| 00| 0 eng d
082 |a 255.5 
100 |a Foss, Michael 
245 |a Founding of the Jesuits /  |c Michael Foss 
260 |a London :  |b Hamish Hamilton,  |c 1969. 
490 |a Turning point in history 
942 |c BK 
999 |c 60256  |d 60256 
952 |0 0  |1 0  |4 0  |6 255_500000000000000_FOS_F  |7 0  |9 60233  |a UL  |b UL  |c SEC  |d 2012-10-27  |l 0  |o 255.5 FOS/F  |p D1274  |r 2012-10-27  |w 2012-10-27  |y BK